00978cam a22002897a 4500003000500000005001700005008004100022010001000063011001000073035001000083040000900093090001700102100002800119245005200147260009200199300000900291590004100300590004200341650003400383700002600417700002800443901000700471942000900478949005000487999001700537952013400554CHAP20220329135009.0971013s1968 r 00010 d a29253 a30225 a34337 cCHAP aFolleto 420700aMcVaugh, Rogers.97376013aAn annotated glossary of botanical nomenclature aUtrecht, Netherlands :bInternational Bureau for Plant Taxonomy and Nomencalture,c1968 a31 p aBATCH-UPDb10c20130110lUCH01h2020 aCONVERSIONb10c20130109lUCH01h131714aPlantasxNomenclatura.9888710 aRoss, Robert.91001910 aStafley, Frans.9109387 aBK cFOLL aFolleto 4207bBCcFOLLd-79550eTS1i34337si c29253d29253 00102local4051708FOLLaBCbBCcPA_FOLLETOSd2012-12-17fFOLLl0oFolleto 4207p-79550r2019-12-31 00:00:00w2012-12-17yFOLL